| 000 | 00554nam a2200205 u 4500 | ||
|---|---|---|---|
| 005 | 20221115063539.0 | ||
| 008 | 190227s2004 ug r 000 0 spa d | ||
| 020 | _a9974772443 | ||
| 035 | _aUPN01000229321 | ||
| 049 | _aI | ||
| 050 | 4 |
_aQL49 _bT6.5 |
|
| 100 | 1 |
_aTorello, Diana _937050 |
|
| 245 | 1 | 3 |
_aEl mundo de los animales / _cDiana Torello. |
| 260 |
_aMontevideo : _bSudamer, _c2004. |
||
| 300 |
_a[12] p. : _bil. col. |
||
| 440 | 0 | _aDescubrir | |
| 650 | 7 |
_aAnimales _vLiteratura infantil _2 _91061 |
|
| 905 | _aInfantil | ||
| 999 |
_c201416 _d201416 |
||